Internetová ekonomika základy elektronického podnikání

Salvato in:
Dettagli Bibliografici
Autore principale: Grublová, Eva
Natura: Libro
Lingua:ceco
Pubblicazione: Ostrava Repronis 2002
Soggetti:
Tags: Aggiungi Tag
Nessun Tag, puoi essere il primo ad aggiungerne!!

MARC

LEADER 00000nam a2200000 4500
001 c142570
005 20221124095029.4
020 |a 80-7329-000-6 
041 0 |a cze 
044 |a CZ 
245 1 0 |a Internetová ekonomika  |b základy elektronického podnikání  |c E. Grublová ... [et al.] 
264 1 |a Ostrava  |b Repronis  |c 2002 
300 |a 88 s. 
610 2 0 |a internet 
610 2 0 |a podnikanie 
610 2 0 |a elektronika 
610 2 0 |a digitalizácia 
610 2 0 |a siete počítačové 
610 2 0 |a podnik 
610 2 0 |a obchod elektronický 
610 2 0 |a karty platobné 
610 2 0 |a internetbanking 
100 1 |a Grublová, Eva